Statistiques concernant Football - Anciens joueurs du Paris Saint-Germain (moins de 60 matchs)

Cliquez ici pour prendre le quiz!

Statistiques générales

  • Ce quiz a été pris 305 fois
  • Le résultat moyen est 10 sur 18

Statistiques - réponses

Nationalité - Dernier clubSaisonsPosteRéponse% Correct
France - Bayern Munich2013 - 2014AttaquantKingsley Coman
86%
Cameroun - Bayern Munich2018 - 2020AttaquantEric Maxim Choupo-Moting
80%
France - Bayer Leverkusen2018 - 2019AttaquantMoussa Diaby
75%
Pays-Bas - PSV Einhoven2020 - 2022MilieuXavi Simons
75%
Italie - Parme2018 - 2019GardienGianluigi Buffon
72%
États-Unis - LOSC2018 - 2019AttaquantTimothy Weah
71%
France - Aston Villa2013 - 2015DéfenseurLucas Digne
67%
Argentine - Villareal CF2016 - 2018MilieuGiovani Lo Celso
64%
Portugal - Wolverhampton2017 - 2018AttaquantGonçalo Guedes
61%
Pays-Bas - Bayer Leverkusen2019 - 2021DéfenseurMitchel Bakker
61%
Espagne - Athletic Bilbao2017 - 2018DéfenseurYuri Berchiche
56%
Pologne - Al-Shabab FC2016 - 2017MilieuGrzegorz Krychowiak
54%
Italie - AC Milan2020 - 2021DéfenseurAlessandro Florenzi
49%
Espagne - MKE Ankaragücü2016 - 2017AttaquantJesé Rodríguez
43%
France - Fiorentina2016 - 2017AttaquantJonathan Ikoné
42%
France - LOSC (sans club)2016 - 2018MilieuHatem Ben Arfa
38%
France - FC Bâle2015 - 2017AttaquantJean-Kévin Augustin
28%
France - Adana Demirspor2015 - 2016MilieuBenjamin Stambouli
24%

Distribution des résultats

Percentile par nombre de réponses

% des personnes avec chaque résultat

Votre développement - résultats

Vous n’avez pas pris ce quiz